000 00685nam a2200289Ia 4500
005 20260324124312.0
008 008 260324s9999 xx 000 0 eng d
020 _a9781315248714
037 _aEBOOK
040 _aCRL
040 _beng
040 _cCRL
041 _2eng
041 _aeng
084 _qCRL
100 _aAaron Jaffe; Jonathan Goldman
_91173628
245 0 _aModernist Star Maps
245 0 _bCelebrity, Modernity, Culture
260 _bTaylor and Francis
260 _c2010
365 _a
365 _b67.99
856 _uhttp://www.taylorfrancis.com/books/9781315248714
942 _cEBOOK
999 _c1767895
_d1767895